Actors who worked with Darren Aronofsky - Statistics

General Stats
  • This quiz has been taken 46 times
    17 since last reset
  • The average score is 21 of 52
Answer Stats
Films Answer % Correct
The Whale Brendan Fraser
100%
Black Swan Mila Kunis
100%
Black Swan Natalie Portman
100%
Noah Russell Crowe
85%
mother! Jennifer Lawrence
77%
Requiem for a Dream Jared Leto
69%
Requiem for a Dream, Noah Jennifer Connelly
69%
The Wrestler Mickey Rourke
69%
Caught Stealing Austin Butler
62%
The Whale Hong Chau
62%
The Fountain Hugh Jackman
62%
mother! Javier Bardem
62%
The Wrestler Marisa Tomei
62%
Black Swan Vincent Cassel
62%
Requiem for a Dream, The Fountain Ellen Burstyn
54%
Requiem for a Dream Marlon Wayans
54%
Caught Stealing Matt Smith
54%
The Fountain Rachel Weisz
54%
The Whale Sadie Sink
54%
Noah Anthony Hopkins
46%
Caught Stealing Bad Bunny
46%
Noah Emma Watson
46%
mother! Michelle Pfeiffer
46%
Black Swan Winona Ryder
46%
Caught Stealing Zoe Kravitz
46%
The Whale Samantha Morton
38%
Black Swan Sebastian Stan
38%
mother! Ed Harris
31%
The Wrestler Evan Rachel Wood
31%
Noah Logan Lerman
31%
The Whale Ty Simpkins
31%
mother! Brian Gleeson
23%
mother! Domhnall Gleeson
23%
Caught Stealing Griffin Dunne
23%
Caught Stealing Liev Schreiber
23%
The Wrestler, The Fountain Mark Margolis
23%
Noah Ray Winstone
23%
Caught Stealing Regina King
23%
Caught Stealing Vincent D'Onofrio
23%
Black Swan Barbara Hershey
8%
Black Swan Benjamin Millepied
8%
The Fountain Cliff Curtis
8%
Caught Stealing D'Pharoah Woon-A-Tai
8%
Black Swan Janet Montgomery
8%
Requiem for a Dream Keith David
8%
Black Swan Kristina Anapau
8%
Black Swan Ksenia Solo
8%
Caught Stealing Laura Dern
8%
Noah Marton Csokas
8%
The Whale Sathya Sridharan
8%
The Fountain Stephen McHattie
8%
Noah Ariane Rinehart
0%
No matching quizzes found
Score Distribution
Percent of People with Each Score
Percentile by Number Answered
Your Score History
You have not taken this quiz since the last reset